| 000 -LEADER |
| fixed length control field |
00276nam a2200097Ia 4500 |
| 008 - FIXED-LENGTH DATA ELEMENTS--GENERAL INFORMATION |
| fixed length control field |
201231s9999 xx 000 0 und d |
| 100 ## - MAIN ENTRY--PERSONAL NAME |
| Personal name |
Aitchison,Jean |
| 245 #4 - TITLE STATEMENT |
| Title |
The seeds of speech language origin and evolution |
| 260 ## - PUBLICATION, DISTRIBUTION, ETC. |
| Place of publication, distribution, etc. |
Cambridge |
| Name of publisher, distributor, etc. |
Cambridge University Press |
| 942 ## - ADDED ENTRY ELEMENTS (KOHA) |
| Koha item type |
Books |